[Event "Buenos Aires La Porta Cup"]
[Site "Buenos Aires"]
[Date "2019.03.28"]
[Round "8"]
[White "Chiarot, Cesar"]
[Black "Torres, Sergio"]
[Result "1/2-1/2"]
[WhiteElo "2233"]
[BlackElo "1960"]
[PlyCount "115"]
[EventDate "2019.03.20"]
[EventType "swiss"]
[EventRounds "9"]
[EventCountry "ARG"]
[SourceTitle "CBM 189 Extra"]
[Source "ChessBase"]
[SourceDate "2019.06.03"]
[SourceVersion "1"]
[SourceVersionDate "2019.06.03"]
[SourceQuality "1"]

1. e4 e5 2. Nf3 Nf6 3. Nc3 Bb4 4. Bc4 d6 5. a3 Bc5 6. d3 Be6 7. Ba2 Bxa2 8. Rxa2 Nc6 9. b4 Bb6 10. 0-0 a5 11. b5 Nd4 12. Bg5 h6 13. Bxf6 Qxf6 14. Nxd4 Bxd4 15. Nd5 Qd8 16. Qg4 0-0 17. c3 Bc5 18. Ne3 Qg5 19. Qxg5 hxg5 20. g4 g6 21. Nd5 Bb6 22. Kg2 Kg7 23. Nxb6 cxb6 24. Re1 Rac8 25. Rc2 Rh8 26. Re3 Rh4 27. h3 Rhh8 28. Rf3 Rhe8 29. c4 f6 30. Re2 Kf7 31. h4 gxh4 32. g5 f5 33. exf5 gxf5 34. Rxf5+ Kg6 35. Rf6+ Kxg5 36. Rf7 Rf8 37. Rxb7 h3+ 38. Kg3 Rf4 39. f3 Rcf8 40. Rf2 Rg8 41. Rxb6 Rd4 42. Rh2 Rxd3 43. Rxh3 Kf5+ 44. Kf2 Rd2+ 45. Kf1 Kf4 46. c5 Rgg2 47. Rxd6 Rdf2+ 48. Ke1 Rb2 49. Kf1 Rgc2 50. Rd1 Rxb5 51. Re1 Rbxc5 52. Re4+ Kf5 53. Rh5+ Kf6 54. f4 exf4 55. Rxf4+ Ke6 56. Rxc5 Rxc5 57. Ke2 Rd5 58. Rc4 1/2-1/2

[Event "Buenos Aires La Porta Cup"]
[Site "Buenos Aires"]
[Date "2019.03.23"]
[Round "4"]
[White "Ferrara, Enzo"]
[Black "Torres, Sergio"]
[Result "0-1"]
[WhiteElo "2189"]
[BlackElo "1960"]
[PlyCount "140"]
[EventDate "2019.03.20"]
[EventType "swiss"]
[EventRounds "9"]
[EventCountry "ARG"]
[SourceTitle "CBM 189 Extra"]
[Source "ChessBase"]
[SourceDate "2019.06.03"]
[SourceVersion "1"]
[SourceVersionDate "2019.06.03"]
[SourceQuality "1"]

1. d4 d6 2. Nf3 Nf6 3. g3 Bf5 4. Bg2 c6 5. c4 Qc7 6. h3 h5 7. Nc3 Nbd7 8. Bf4 Ne4 9. Qb3 Ndf6 10. Ng5 Nxg5 11. Bxg5 e5 12. d5 c5 13. e4 Bd7 14. Bd2 g6 15. f4 Bh6 16. 0-0-0 0-0 17. fxe5 Bxd2+ 18. Rxd2 dxe5 19. Rf2 Ne8 20. g4 h4 21. Rhf1 b5 22. cxb5 Qd8 23. Bf3 Nd6 24. Be2 c4 25. Bxc4 Rc8 26. Bd3 Qg5+ 27. Kb1 Rc5 28. Rf6 Qe3 29. R1f3 Qe1+ 30. Qd1 Qxd1+ 31. Nxd1 Nxb5 32. Bxb5 Bxb5 33. Nc3 Bd7 34. Ra6 Rc7 35. a3 Kg7 36. Rff6 Rb8 37. Ka2 Rbc8 38. Rf2 Rb8 39. Raf6 Bc8 40. R6f3 Ba6 41. b3 Rb6 42. Na4 Rbb7 43. Rc3 Rxc3 44. Nxc3 Rc7 45. Kb2 Bc8 46. Nb5 Rd7 47. a4 a6 48. Na3 Rd6 49. Nc4 Rf6 50. Rxf6 Kxf6 51. b4 Bxg4 52. b5 axb5 53. axb5 Bxh3 54. Ne3 Bc8 55. Kc3 h3 56. Nf1 Ke7 57. Kd3 f5 58. Ke3 f4+ 59. Kf2 g5 60. Nd2 g4 61. Nc4 g3+ 62. Kg1 f3 63. Ne3 h2+ 64. Kh1 Kd6 65. Nc4+ Kc5 66. Nd2 Bg4 67. b6 Kxb6 68. Nc4+ Kc7 69. d6+ Kd8 70. Nxe5 f2 0-1

[Event "La Plata Spring op"]
[Site "La Plata"]
[Date "2018.09.23"]
[Round "7.4"]
[White "Corda, Marcelo"]
[Black "Torres, Sergio"]
[Result "0-1"]
[WhiteElo "1580"]
[BlackElo "2009"]
[PlyCount "60"]
[EventDate "2018.09.11"]
[EventType "swiss"]
[EventRounds "7"]
[EventCountry "ARG"]
[SourceTitle "EXT 2024"]
[Source "ChessBase"]
[SourceDate "2023.10.10"]
[SourceVersion "1"]
[SourceVersionDate "2023.10.10"]
[SourceQuality "1"]

1. Nf3 Nc6 2. b3 e5 3. Bb2 e4 4. Nd4 Nxd4 5. Bxd4 c5 6. Bb2 d5 7. e3 Nf6 8. Be2 Bd6 9. d3 Qc7 10. Bxf6 gxf6 11. dxe4 Be5 12. Bb5+ Ke7 13. c3 dxe4 14. Qc2 a6 15. Bc4 f5 16. g3 h5 17. Nd2 Qa5 18. Rc1 Be6 19. 0-0 h4 20. b4 Qc7 21. Bxe6 hxg3 22. Bxf5 g2 23. Qxe4 gxf1Q+ 24. Nxf1 Rag8+ 25. Ng3 Kf8 26. f4 Bf6 27. Rd1 cxb4 28. Qxb4+ Be7 29. Qb3 Qc5 30. Kh1 Rxg3 0-1

[Event "La Plata Spring op"]
[Site "La Plata"]
[Date "2018.09.15"]
[Round "3.1"]
[White "Iribarren, Francisco"]
[Black "Torres, Sergio"]
[Result "1/2-1/2"]
[WhiteElo "1824"]
[BlackElo "2009"]
[PlyCount "142"]
[EventDate "2018.09.11"]
[EventType "swiss"]
[EventRounds "7"]
[EventCountry "ARG"]
[SourceTitle "EXT 2024"]
[Source "ChessBase"]
[SourceDate "2023.10.10"]
[SourceVersion "1"]
[SourceVersionDate "2023.10.10"]
[SourceQuality "1"]

1. d4 d6 2. c4 e5 3. dxe5 dxe5 4. Qxd8+ Kxd8 5. e4 Bc5 6. Nf3 f6 7. Bd2 a5 8. Nc3 c6 9. Na4 Bb4 10. Rd1 Kc7 11. Be2 Be6 12. 0-0 Nd7 13. Be3 Nh6 14. h3 g5 15. a3 Be7 16. g4 Nf7 17. Nd2 h5 18. Kg2 hxg4 19. hxg4 Rh4 20. f3 Rah8 21. Rh1 Rxh1 22. Rxh1 Rxh1 23. Kxh1 b6 24. Kg2 Nd8 25. Kf2 Nb7 26. Nb1 Nbc5 27. Nbc3 Nb3 28. Bd3 Nd4 29. Ne2 Nb3 30. Nec3 Ndc5 31. Bf1 Nd4 32. Nxc5 Bxc5 33. Na4 Be7 34. Bd3 Kb7 35. Nc3 Nb3 36. Ke1 Bc5 37. Bxc5 Nxc5 38. Ke2 Nb3 39. Ke3 Kc7 40. Na4 Bd7 41. Nc3 Kd6 42. Bb1 Nd4 43. Bd3 Ne6 44. Bb1 Nd8 45. Na4 Kc7 46. Nc3 Nf7 47. Kd2 Be6 48. Bd3 Nd6 49. b3 Nb7 50. a4 Nc5 51. Bc2 Bd7 52. Bd1 Kd6 53. Ke3 Ne6 54. Kd3 Kc5 55. Na2 Nd4 56. Kc3 Be6 57. Nc1 Kd6 58. Nd3 Bd7 59. Ne1 Ne6 60. Nd3 b5 61. Nb2 Nc5 62. Be2 b4+ 63. Kc2 Ne6 64. Bd1 Kc5 65. Kd3 Kd6 66. Ke3 Nc5 67. Nd3 Ne6 68. Kd2 Nf4 69. Ke3 Be6 70. Kd2 Bf7 71. Ke3 Ne6 1/2-1/2

[Event "Platense-ch"]
[Site "La Plata"]
[Date "2018.01.15"]
[Round "9"]
[White "Torres, Sergio"]
[Black "Albistur, Damian"]
[Result "1-0"]
[WhiteElo "1943"]
[BlackElo "2131"]
[PlyCount "73"]
[EventDate "2018.01.03"]
[EventType "swiss"]
[EventRounds "9"]
[EventCountry "ARG"]
[SourceTitle "EXT 2019"]
[Source "ChessBase"]
[SourceDate "2018.10.10"]
[SourceVersion "1"]
[SourceVersionDate "2018.10.10"]
[SourceQuality "1"]

1. e4 c5 2. Nf3 e6 3. d4 cxd4 4. Nxd4 a6 5. c4 Nf6 6. Nc3 Bb4 7. Bd3 Nc6 8. Nde2 Ne5 9. Bf4 d6 10. a3 Bc5 11. b4 Ba7 12. h3 0-0 13. 0-0 Bd7 14. c5 Bb8 15. Bxe5 dxe5 16. Rc1 b6 17. cxb6 Qxb6 18. Na4 Qd6 19. Nc5 Bb5 20. Bxb5 axb5 21. Qb3 Ba7 22. Rfd1 Qe7 23. Nc3 Rfb8 24. Ne2 Bxc5 25. Rxc5 Nxe4 26. Rxe5 Nd6 27. Nd4 Rb6 28. Qf3 Qe8 29. Rc5 Rba6 30. Qf4 h6 31. Rd3 Rb8 32. Nf3 Nc4 33. Ne5 Nb6 34. Nxf7 Nd7 35. Rxd7 Qxd7 36. Qxb8+ Kh7 37. Qh8+ 1-0

[Event "Platense-ch"]
[Site "La Plata"]
[Date "2018.01.13"]
[Round "8"]
[White "Perez Grizia, Jorge Adrian"]
[Black "Torres, Sergio"]
[Result "0-1"]
[WhiteElo "1919"]
[BlackElo "1943"]
[PlyCount "144"]
[EventDate "2018.01.03"]
[EventType "swiss"]
[EventRounds "9"]
[EventCountry "ARG"]
[SourceTitle "EXT 2019"]
[Source "ChessBase"]
[SourceDate "2018.10.10"]
[SourceVersion "1"]
[SourceVersionDate "2018.10.10"]
[SourceQuality "1"]

1. c4 e5 2. Nc3 d6 3. e3 c6 4. b3 Nf6 5. Bb2 Bf5 6. Nf3 Be7 7. d4 Nbd7 8. Be2 Ne4 9. Nxe4 Bxe4 10. 0-0 Bf6 11. Bd3 Bg6 12. Bxg6 hxg6 13. Qc2 Qe7 14. Qe4 exd4 15. Qxe7+ Bxe7 16. exd4 0-0-0 17. Rfe1 Bf6 18. Re2 Rh5 19. Rae1 Kc7 20. Bc1 b6 21. g4 Rh3 22. Kg2 Rdh8 23. Re8 c5 24. Rxh8 Rxh8 25. d5 b5 26. g5 Bd8 27. Bd2 Kc8 28. Bf4 Bc7 29. Re7 Rf8 30. Kg3 bxc4 31. bxc4 Nb6 32. Nd2 Kd8 33. Re3 a5 34. Rc3 Kd7 35. Ne4 Rb8 36. Bc1 Re8 37. f3 a4 38. Kf2 Rb8 39. Nd2 Nc8 40. Ra3 Rb4 41. Ke2 Bd8 42. h4 Ne7 43. Kd3 Nf5 44. Ne4 Nxh4 45. Bd2 Rb7 46. Ke2 Ra7 47. Bf4 Nf5 48. Kd3 Ra6 49. Bh2 Nd4 50. Kd2 Ba5+ 51. Kd1 Bb4 52. Rd3 Nf5 53. Bf4 Ra8 54. a3 Ba5 55. Bd2 Bc7 56. Nc3 Nd4 57. Rxd4 cxd4 58. Nb5 Bb6 59. Kc2 Bc5 60. Kd3 Rh8 61. Nxd4 Bxa3 62. Bc3 Rh3 63. Ke4 Bc1 64. Ne2 Bxg5 65. Bxg7 a3 66. f4 f5+ 67. Kd4 Bh4 68. c5 Bf2+ 69. Kc4 Bxc5 70. Nc3 Rf3 71. Bh6 Bb6 72. Na2 Ba5 0-1

[Event "La Plata op"]
[Site "La Plata"]
[Date "2017.01.06"]
[Round "3.1"]
[White "Torres, Sergio"]
[Black "Veliz, Ariel"]
[Result "1/2-1/2"]
[WhiteElo "1967"]
[BlackElo "1877"]
[PlyCount "96"]
[EventDate "2017.01.01"]
[EventType "swiss"]
[EventRounds "6"]
[EventCountry "ARG"]
[SourceTitle "EXT 2024"]
[Source "ChessBase"]
[SourceDate "2023.10.10"]
[SourceVersion "1"]
[SourceVersionDate "2023.10.10"]
[SourceQuality "1"]

1. e4 e6 2. d3 c5 3. Bf4 Nc6 4. Nf3 d6 5. Nbd2 g6 6. c3 e5 7. Bg5 Be7 8. Bxe7 Ngxe7 9. Nc4 b5 10. Ne3 0-0 11. Qd2 d5 12. h3 f5 13. exd5 Nxd5 14. Nxd5 Qxd5 15. Qh6 a6 16. Be2 e4 17. Ng5 Ra7 18. dxe4 fxe4 19. a4 e3 20. 0-0 Rxf2 21. Bf3 Qd7 22. Rad1 Rxf1+ 23. Kxf1 e2+ 24. Bxe2 Qg7 25. Qxg7+ Kxg7 26. axb5 axb5 27. Bxb5 Ne7 28. Ne4 Rc7 29. Nd6 Kh6 30. g4 Kg5 31. Kf2 Kh4 32. Bc4 h5 33. Be2 Be6 34. Ne4 Nd5 35. gxh5 gxh5 36. Bf3 Nf4 37. Ke3 Nd5+ 38. Kf2 Nf4 39. Rd6 Nxh3+ 40. Ke3 Bg4 41. Bxg4 Kxg4 42. Rg6+ Kh4 43. Rg2 Re7 44. Rg8 Ng5 45. Rxg5 Rxe4+ 46. Kxe4 Kxg5 47. b4 cxb4 48. cxb4 Kf6 1/2-1/2

[Event "Platense-ch qual"]
[Site "La Plata"]
[Date "2016.08.30"]
[Round "1.3"]
[White "Torres, Sergio"]
[Black "Boassi, Leandro"]
[Result "1/2-1/2"]
[WhiteElo "2021"]
[BlackElo "1797"]
[PlyCount "182"]
[EventDate "2016.08.30"]
[EventType "swiss"]
[EventRounds "7"]
[EventCountry "ARG"]
[SourceTitle "EXT 2024"]
[Source "ChessBase"]
[SourceDate "2023.10.10"]
[SourceVersion "1"]
[SourceVersionDate "2023.10.10"]
[SourceQuality "1"]

1. e4 e5 2. f4 exf4 3. Bc4 d5 4. exd5 Nf6 5. Nc3 c6 6. Nf3 cxd5 7. Bb3 Be7 8. d4 0-0 9. Bxf4 h6 10. Ne5 Nc6 11. 0-0 Be6 12. Kh1 Rc8 13. Qd2 Bb4 14. Rae1 Bxc3 15. bxc3 Ne4 16. Rxe4 dxe4 17. d5 Nxe5 18. Bxe5 Bd7 19. Qd4 Qg5 20. Bf4 Qf5 21. Rf2 Qg6 22. Qxa7 Rxc3 23. Qd4 Rcc8 24. c4 Rfe8 25. Be3 f5 26. c5 Kh8 27. h3 Rf8 28. Bf4 Rce8 29. Kh2 Qf6 30. Qd2 g5 31. Be3 Kh7 32. Bd4 Qg6 33. Bc2 f4 34. Qb4 Bf5 35. Qxb7+ Rf7 36. Qb6 e3 37. Qxg6+ Kxg6 38. Re2 Re4 39. Bxe4 Bxe4 40. Rb2 Bxd5 41. Rb6+ Kf5 42. Bc3 Rc7 43. Bb4 e2 44. Kg1 Rxc5 45. Kf2 Rc2 46. Be1 Rxa2 47. Rxh6 Be4 48. Rh8 Ra1 49. Rf8+ Kg6 50. h4 Bxg2 51. Rg8+ Kf7 52. Rxg5 f3 53. Rg4 Ra6 54. Bc3 Rg6 55. Rf4+ Ke6 56. h5 Rh6 57. Rh4 Kf5 58. Bd2 Rh7 59. h6 Kg6 60. Rg4+ Kf6 61. Rg3 Kf7 62. Rg4 Kf6 63. Rb4 Kg6 64. Rb6+ Kf5 65. Bc3 Kg5 66. Bg7 Kf4 67. Rb5 Ke4 68. Re5+ Kd3 69. Re8 Bh3 70. Kxf3 Bf5 71. Rd8+ Kc4 72. Kxe2 Kc5 73. Ke3 Kc6 74. Kd4 Kc7 75. Rd5 Be6 76. Ra5 Kd6 77. Ra6+ Kd7 78. Ke5 Bc4 79. Rd6+ Kc7 80. Rd4 Ba2 81. Kf6 Kc6 82. Rd2 Bb1 83. Ke6 Bg6 84. Rd1 Kc5 85. Rc1+ Kb4 86. Kd5 Bf7+ 87. Kd4 Kb5 88. Rc5+ Kb6 89. Re5 Bb3 90. Re6+ Kb5 91. Re8 Kc6 1/2-1/2

[Event "ARG-ch sf 84th"]
[Site "La Plata"]
[Date "2009.05.03"]
[Round "6"]
[White "Quiroga, Facundo"]
[Black "Torres, Sergio"]
[Result "1-0"]
[WhiteElo "2329"]
[BlackElo "2184"]
[PlyCount "119"]
[EventDate "2009.04.30"]
[EventType "swiss"]
[EventRounds "9"]
[EventCountry "ARG"]
[SourceTitle "CBM 130 Extra"]
[Source "ChessBase"]
[SourceDate "2009.07.02"]
[SourceVersion "2"]
[SourceVersionDate "2009.07.15"]
[SourceQuality "1"]

1. d4 Nf6 2. Nf3 e6 3. g3 d5 4. Bg2 c5 5. 0-0 Nc6 6. c4 dxc4 7. Qa4 Bd7 8. dxc5 Rc8 9. Qxc4 Na5 10. Qd3 Bxc5 11. Ne5 Qb6 12. Nxd7 Nxd7 13. Nc3 Be7 14. Rd1 Ne5 15. Qb5+ Qxb5 16. Nxb5 Rc2 17. Rd2 Rxd2 18. Bxd2 Nac6 19. Bc3 a6 20. Na7 Bf6 21. Bxe5 Bxe5 22. Nxc6 bxc6 23. Rc1 Bxb2 24. Rxc6 Ke7 25. Rxa6 Rd8 26. Bc6 Rd1+ 27. Kg2 Rd2 28. Bb5 Bd4 29. a4 Ra2 30. a5 Kf6 31. Ra8 g5 32. h3 h6 33. a6 Ra5 34. Rb8 Ke5 35. Bd3 Kd6 36. Rd8+ Kc5 37. g4 f5 38. Rd7 Be5 39. Rh7 fxg4 40. hxg4 Ra4 41. Rxh6 Rxg4+ 42. Kf1 Kd6 43. Bf5 Ra4 44. Bxe6 Ra1+ 45. Kg2 Bd4 46. Bc4+ Ke5 47. Re6+ Kf5 48. Rd6 Ba7 49. Bd3+ Kg4 50. Rd7 Bb6 51. Rb7 Bc5 52. Rc7 Bb6 53. Rc4+ Kh5 54. Rc6 Ba7 55. Rc7 Bb6 56. Rb7 Bd4 57. Rh7+ Kg4 58. e3 Bc3 59. Be2+ Kf5 60. Rf7+ 1-0

[Event "Platense-ch"]
[Site "La Plata"]
[Date "2008.11.30"]
[Round "6"]
[White "Tenti, Joaquin"]
[Black "Torres, Sergio"]
[Result "1/2-1/2"]
[WhiteElo "2125"]
[BlackElo "2184"]
[PlyCount "59"]
[EventDate "2008.11.12"]
[EventType "tourn"]
[EventRounds "9"]
[EventCountry "ARG"]
[SourceTitle "EXT 2019"]
[Source "ChessBase"]
[SourceDate "2018.10.10"]
[SourceVersion "1"]
[SourceVersionDate "2018.10.10"]
[SourceQuality "1"]

1. e4 d5 2. exd5 c6 3. d4 cxd5 4. Bd3 Nc6 5. c3 e5 6. dxe5 Nxe5 7. Qe2 Qe7 8. Bb5+ Nc6 9. Qxe7+ Ngxe7 10. Nf3 a6 11. Ba4 Bg4 12. Nbd2 0-0-0 13. 0-0 Ng6 14. h3 Bf5 15. Re1 Bd6 16. Nb3 Rhe8 17. Be3 b5 18. Nbd4 Nxd4 19. Nxd4 Be4 20. Bb3 Ne5 21. a4 b4 22. cxb4 Nd3 23. Red1 Nxb4 24. a5 Re7 25. Bd2 Rc7 26. Rac1 Nd3 27. Rxc7+ Bxc7 28. Bc3 Nc5 29. Ba2 Na4 30. f3 1/2-1/2

[Event "ARG-ch sf 83rd"]
[Site "Buenos Aires"]
[Date "2008.07.26"]
[Round "7"]
[White "Needleman, Alejandro"]
[Black "Torres, Sergio"]
[Result "1-0"]
[WhiteElo "2352"]
[BlackElo "2202"]
[PlyCount "101"]
[EventDate "2008.07.21"]
[EventType "swiss"]
[EventRounds "9"]
[EventCountry "ARG"]
[SourceTitle "CBM 125 Extra"]
[Source "ChessBase"]
[SourceDate "2008.09.01"]
[SourceVersion "1"]
[SourceVersionDate "2008.09.01"]
[SourceQuality "1"]

1. d4 Nf6 2. Nf3 e6 3. g3 c5 4. Bg2 Nc6 5. 0-0 cxd4 6. Nxd4 d5 7. c4 Bc5 8. Nb3 Be7 9. cxd5 exd5 10. Nc3 Be6 11. Be3 Rc8 12. Nc5 Ng4 13. Nxe6 fxe6 14. Bc1 h5 15. h3 Nge5 16. f4 Bc5+ 17. e3 Nc4 18. Qd3 Ne7 19. Kh2 h4 20. g4 Bd6 21. Nb5 Bb8 22. e4 Qb6 23. a4 a6 24. Nc3 0-0 25. exd5 e5 26. Kh1 exf4 27. d6 Ne5 28. Nd5 Qxd6 29. Nxe7+ Qxe7 30. Qd5+ Kh8 31. Bxf4 Rfe8 32. Qxb7 Qd6 33. Rae1 Qd4 34. Qe4 Nd3 35. Bxb8 Nxe1 36. Rf8+ Rxf8 37. Qxd4 Rc1 38. Qe3 Rfc8 39. Kh2 Nxg2 40. Kxg2 Rxb8 41. Qe5 Rd8 42. Qa5 Rcd1 43. Qxa6 R1d2+ 44. Kf3 Rxb2 45. Kf4 Rb3 46. Kg5 Rxh3 47. Qb6 Rf8 48. a5 Ra3 49. Qc5 Raf3 50. Kxh4 R3f6 51. g5 1-0

[Event "Moron Faogba-ch"]
[Site "Moron"]
[Date "2004.??.??"]
[Round "5"]
[White "Lalanne, Pablo"]
[Black "Torres, Sergio"]
[Result "1/2-1/2"]
[WhiteElo "2027"]
[BlackElo "2203"]
[PlyCount "117"]
[EventDate "2004.07.09"]
[EventType "swiss"]
[EventRounds "9"]
[EventCountry "ARG"]
[SourceTitle "EXT 2006"]
[Source "ChessBase"]
[SourceDate "2005.11.24"]
[SourceVersion "1"]
[SourceVersionDate "2005.11.24"]
[SourceQuality "1"]

1. d4 d6 2. e4 Nf6 3. Nc3 Nbd7 4. Nf3 e5 5. Bc4 Be7 6. 0-0 0-0 7. Qe2 c6 8. a4 Nxe4 9. Nxe4 d5 10. dxe5 dxc4 11. Qxc4 Nb6 12. Qe2 Be6 13. b3 Qc7 14. c4 Nd7 15. Bf4 Rfe8 16. Nd6 Bxd6 17. exd6 Qb6 18. Qd1 Bg4 19. h3 Bh5 20. Be3 Qb4 21. g4 Bg6 22. Nh4 Re6 23. Nxg6 Rxg6 24. Bf4 h5 25. Bg3 hxg4 26. hxg4 Re8 27. Re1 Rge6 28. Rxe6 Rxe6 29. Kg2 a5 30. Qd3 Qc5 31. Rd1 g6 32. Qd4 Qxd4 33. Rxd4 f6 34. Rd2 Kf7 35. Rd3 b6 36. f4 f5 37. gxf5 gxf5 38. Bf2 Rg6+ 39. Kf3 Rh6 40. Ke2 Ke6 41. Bd4 Rh2+ 42. Kd1 Rh1+ 43. Kc2 Re1 44. Be5 Nxe5 45. fxe5 Kd7 46. Kc3 Rxe5 47. b4 axb4+ 48. Kxb4 f4 49. Rf3 Rf5 50. c5 bxc5+ 51. Kc4 Kxd6 52. a5 Kc7 53. Kd3 Kb7 54. Ke4 Rf6 55. Ke5 Rf8 56. Kd6 Rd8+ 57. Kxc5 Rd5+ 58. Kb4 Rb5+ 59. Kc3 1/2-1/2

[Event "Moron Faogba-ch"]
[Site "Moron"]
[Date "2004.??.??"]
[Round "3"]
[White "Torres, Sergio"]
[Black "Menon, Daniel"]
[Result "0-1"]
[WhiteElo "2203"]
[BlackElo "2062"]
[PlyCount "114"]
[EventDate "2004.07.09"]
[EventType "swiss"]
[EventRounds "9"]
[EventCountry "ARG"]
[SourceTitle "EXT 2006"]
[Source "ChessBase"]
[SourceDate "2005.11.24"]
[SourceVersion "1"]
[SourceVersionDate "2005.11.24"]
[SourceQuality "1"]

1. e4 e6 2. d4 d5 3. e5 c5 4. Nf3 Nc6 5. c3 Qb6 6. Be2 Bd7 7. 0-0 f6 8. dxc5 Bxc5 9. b4 Be7 10. Bf4 fxe5 11. Bxe5 Nf6 12. Nbd2 0-0 13. Bf4 Ne4 14. Nxe4 Rxf4 15. Ng3 Qc7 16. Rc1 Ne5 17. Nd4 g6 18. Bb5 Nc4 19. Qe2 e5 20. Bxc4 dxc4 21. Nf3 Bd6 22. Ne4 Bf8 23. Ned2 Bg7 24. Rfe1 Raf8 25. Nxe5 Bxe5 26. Qxe5 Qxe5 27. Rxe5 Rxf2 28. Nxc4 Rxa2 29. Rf1 Rxf1+ 30. Kxf1 Rc2 31. Ne3 Rxc3 32. Nd5 Rc1+ 33. Kf2 Bc6 34. b5 Bxd5 35. Rxd5 Rc7 36. Ke3 Kf7 37. Ke4 Ke6 38. Re5+ Kf6 39. Rd5 Re7+ 40. Kf4 Ke6 41. Rd2 Rf7+ 42. Ke4 Rf5 43. Ra2 Rxb5 44. Rxa7 Kd6 45. Ra2 Kc6 46. Kd4 Rd5+ 47. Ke4 b5 48. g4 Rd7 49. Re2 Kb6 50. Ke5 b4 51. Ke6 Rc7 52. Rd2 Kb5 53. Kd6 Rb7 54. h4 b3 55. Rf2 Ka4 56. Kc6 Rb4 57. h5 b2 0-1